RAW : (Record no. 179215)
[ view plain ]
| 000 -LEADER | |
|---|---|
| fixed length control field | 00429 a2200169 4500 |
| 003 - CONTROL NUMBER IDENTIFIER | |
| control field | Nust |
| 005 - DATE AND TIME OF LATEST TRANSACTION | |
| control field | 20230619082402.0 |
| 040 ## - CATALOGING SOURCE | |
| Transcribing agency | Nust |
| 082 ## - DEWEY DECIMAL CLASSIFICATION NUMBER | |
| Classification number | 954,SAG |
| 100 ## - MAIN ENTRY--PERSONAL NAME | |
| Personal name | Sagar ,Tariq Ismail |
| 9 (RLIN) | 67184 |
| 245 ## - TITLE STATEMENT | |
| Title | RAW : |
| Remainder of title | Research and Analysis Wing / |
| Statement of responsibility, etc. | Tariq Ismail Sagar |
| 260 ## - PUBLICATION, DISTRIBUTION, ETC. | |
| Place of publication, distribution, etc. | GHQ, Rwp |
| Name of publisher, distributor, etc. | Services Book Club |
| Date of publication, distribution, etc. | 1998 |
| 300 ## - PHYSICAL DESCRIPTION | |
| Extent | 240 p |
| 600 ## - SUBJECT ADDED ENTRY--PERSONAL NAME | |
| Personal name | Tariq ismail Sagar |
| 9 (RLIN) | 9439 |
| 650 ## - SUBJECT ADDED ENTRY--TOPICAL TERM | |
| Topical term or geographic name entry element | Raw |
| 9 (RLIN) | 113146 |
| 942 ## - ADDED ENTRY ELEMENTS (KOHA) | |
| Source of classification or shelving scheme | |
| Koha item type | Book |
| Withdrawn status | Lost status | Source of classification or shelving scheme | Damaged status | Not for loan | Permanent Location | Current Location | Shelving location | Date acquired | Total Checkouts | Full call number | Barcode | Date last seen | Date last checked out | Price effective from | Koha item type | Public note |
|---|---|---|---|---|---|---|---|---|---|---|---|---|---|---|---|---|
| Military College of Signals (MCS) | Military College of Signals (MCS) | General Stacks | 12/12/2016 | 1 | 954,SAG | MCS3635 | 06/19/2023 | 05/02/2023 | 12/12/2016 | Book | Almirah No.61, Shelf No.4 |
